| Tag |
First Indicator |
Second Indicator |
Subfields |
| LEADER |
00000cam a2200000La 4500 |
| 001 |
in00001753638 |
| 005 |
20220105110336.0 |
| 006 |
m u |
| 007 |
cr cn--------- |
| 008 |
010910s2000 enka sb 001 0 eng d |
| 020 |
|
|
|a 0585380643 (electronic bk.)
|
| 035 |
|
|
|a (OCoLC)ocm48139029
|
| 040 |
|
|
|a N$T
|c N$T
|d OCLCQ
|d UtOrBLW
|
| 049 |
|
|
|a IICA
|
| 050 |
1 |
4 |
|a TA418.7
|b .S86 2000eb
|
| 100 |
1 |
|
|a Stout, K. J.
|0 http://id.loc.gov/authorities/names/n78043062
|
| 245 |
1 |
0 |
|a Three dimensional surface topography /
|c K.J. Stout and L. Blunt ; contributors W.P. Wang [and others].
|
| 250 |
|
|
|a 2nd ed.
|
| 264 |
|
1 |
|a London :
|b Kogan Page,
|c [2000]
|
| 264 |
|
4 |
|c ©2000
|
| 300 |
|
|
|a xxii, 285 pages :
|b illustrations ;
|c 23 cm.
|
| 336 |
|
|
|a text
|b txt
|2 rdacontent
|
| 337 |
|
|
|a computer
|b c
|2 rdamedia
|
| 338 |
|
|
|a online resource
|b cr
|2 rdacarrier
|
| 504 |
|
|
|a Includes bibliographical references (pages [255]-282) and index.
|
| 533 |
|
|
|a Electronic reproduction.
|b Boulder, Colo. :
|c NetLibrary,
|d 2001.
|n Available via World Wide Web.
|n Access may be limited to NetLibrary affiliated libraries.
|
| 500 |
|
|
|a Electronic resource.
|
| 650 |
|
0 |
|a Surfaces (Technology)
|x Analysis.
|0 http://id.loc.gov/authorities/subjects/sh85130751
|
| 650 |
|
0 |
|a Three-dimensional display systems.
|0 http://id.loc.gov/authorities/subjects/sh85135021
|
| 655 |
|
7 |
|a Electronic books.
|2 local
|
| 700 |
1 |
|
|a Blunt, L.
|q (Liam)
|0 http://id.loc.gov/authorities/names/nb99160812
|
| 710 |
2 |
|
|a NetLibrary, Inc.
|0 http://id.loc.gov/authorities/names/no99080690
|
| 776 |
1 |
|
|c Original
|z 1857180267
|
| 856 |
4 |
1 |
|u https://proxy.library.tamu.edu/login?url=http://www.netLibrary.com/urlapi.asp?action=summary&v=1&bookid=62851
|z Connect to the full text of this electronic book
|t 0
|
| 994 |
|
|
|a X0
|b IIC
|
| 999 |
|
|
|a MARS
|
| 999 |
f |
f |
|s ba8f4a0e-2c8b-3f0b-a0b1-0d2dde468e33
|i e671471f-1dff-30d8-81c7-57abe22bde6d
|t 0
|
| 952 |
f |
f |
|a Texas A&M University
|b College Station
|c Electronic Resources
|d Available Online
|t 0
|e TA418.7 .S86 2000eb
|h Library of Congress classification
|
| 998 |
f |
f |
|a TA418.7 .S86 2000eb
|t 0
|l Available Online
|